<?xml version="1.0" encoding="UTF-8"?>
<marc:record xmlns:marc="http://www.loc.gov/MARC21/slim">
   <marc:leader>00000nam a2200000 a 4500</marc:leader>
   <marc:datafield ind1="1" ind2=" " tag="100">
      <marc:subfield code="a">Dahlke, Rüdiger</marc:subfield>
      <marc:subfield code="4">aut</marc:subfield>
      <marc:subfield code="e">Verfasser/-in</marc:subfield>
   </marc:datafield>
   <marc:datafield ind1="1" ind2=" " tag="100">
      <marc:subfield code="a">Dahlke, Margit</marc:subfield>
   </marc:datafield>
   <marc:datafield ind1=" " ind2=" " tag="653">
      <marc:subfield code="a">Psychosomatik</marc:subfield>
   </marc:datafield>
   <marc:datafield ind1="0" ind2="0" tag="245">
      <marc:subfield code="a">Krankheit als Symbol</marc:subfield>
   </marc:datafield>
   <marc:datafield ind1="0" ind2="0" tag="245">
      <marc:subfield code="b">Handbuch der Psychosomatik ; Symptome, Be-Deutung, Bearbeitung, Einlösung</marc:subfield>
   </marc:datafield>
   <marc:datafield ind1="0" ind2="0" tag="245">
      <marc:subfield code="c">Rüdiger Dahlke. Unter Mitarb. von Margit Dahlke ...</marc:subfield>
   </marc:datafield>
   <marc:datafield ind1=" " ind2="1" tag="264">
      <marc:subfield code="a">Wien [u.a.]</marc:subfield>
      <marc:subfield code="b">RM Buch und Medien Vertrieb</marc:subfield>
      <marc:subfield code="c">2008</marc:subfield>
   </marc:datafield>
   <marc:datafield ind1=" " ind2=" " tag="250">
      <marc:subfield code="a">Ungek. Lizenzausg.</marc:subfield>
   </marc:datafield>
   <marc:datafield ind1="1" ind2=" " tag="520">
      <marc:subfield code="a">Über 400 Organ- und Krankheitsbilder in ihrer symbolischen Bedeutung für die psychische Verfassung eines Menschen. Was seit 1996 vorliegt, erfährt jetzt eine um 100 Seiten erweiterte Neufassung. Wie in den Vorläufern, von "Krankheit als Weg" bis hin zu "Lebenskrisen und Entwicklungschancen", geht es vorrangig um die Organsprache von Krankheiten. Neu jetzt: Dahlke hat erstmals in das übergeordnete "Register der Körperregionen und Organe" auch nicht-pathologische Aspekte der Körpersprache aufgenommen; er hat zum andern im Hauptteil, dem "Register der Symptome von A-Z" viel mehr Krankheitsbilder aufgenommen und gedeutet als früher. Wie immer man zu dieser Abbild-Psychosomatik auch stehen mag und wie verrätselt die äußerst knappen Erläuterungen zur symbolischen Bedeutung eines Organs/einer Störung und ihrer Bearbeitung und "Einlösung" auch oft sind und welche Klimmzüge der Autor auch immer wieder unternimmt, um sein Schema passend zu machen: Die hohen Auflagen seiner Bücher sind Indiz für die von der herkömmlichen Medizin nicht bediente Suche nach Sinn und Bedeutung von Leiden.</marc:subfield>
   </marc:datafield>
   <marc:datafield ind1=" " ind2=" " tag="300">
      <marc:subfield code="a">672 S.</marc:subfield>
   </marc:datafield>
</marc:record>
